Environmental economics : (Record no. 6227)

MARC details
000 -LEADER
fixed length control field 00559cam a2200217ua 4500
008 - FIXED-LENGTH DATA ELEMENTS--GENERAL INFORMATION
fixed length control field 141125n ii |||gr||||Z||||||eng
020 ## - INTERNATIONAL STANDARD BOOK NUMBER
International Standard Book Number 0333933710
040 ## - CATALOGING SOURCE
Transcribing agency MAIN
041 ## - LANGUAGE CODE
-- eng
082 ## - DEWEY DECIMAL CLASSIFICATION NUMBER
Classification number 338
100 ## - MAIN ENTRY--PERSONAL NAME
Personal name Hanley, N.,
Relator term
245 1# - TITLE STATEMENT
Title Environmental economics :
Remainder of title Theory and practice /
Statement of responsibility, etc. By Nick Hanley .
250 ## - EDITION STATEMENT
Edition statement 1st.
260 ## - PUBLICATION, DISTRIBUTION, ETC.
Place of publication, distribution, etc. New Delhi:
Name of publisher, distributor, etc. Macmillan,
Date of publication, distribution, etc. 1999.
300 ## - PHYSICAL DESCRIPTION
Extent xv,464p.
700 ## - ADDED ENTRY--PERSONAL NAME
Personal name Shogren, J.F.,
Relator term
700 ## - ADDED ENTRY--PERSONAL NAME
Personal name White, B.,
Relator term
942 ## - ADDED ENTRY ELEMENTS (KOHA)
Koha item type Books
653 ## - INDEX TERM--UNCONTROLLED
Uncontrolled term Environmental economics
Holdings
Withdrawn status Lost status Damaged status Not for loan Home library Current library Shelving location Date acquired Total Checkouts Full call number Barcode Date last seen Copy number Price effective from Koha item type
        Central Library, Naharkatiya College Central Library, Naharkatiya College General Stacks 19/09/2020   338.927 | HAN 17021 19/09/2020 1 19/09/2020 Books

Naharkatiya College © 2020. All rights reserved.

Powered By